Представление документа в формате RUSMARC

ПолеНазваниеЗначение
  Тип записи a
  Библиографический уровень a
001 Контрольный номер UONB/MAIN/2a129a447b04478bae7bd9c8fc4e132d
005 Дата корректировки 20260417142413.5
100 Данные общей обработки __
a Данные общей обработки 20260415 ||| 0rusy0189 ca
101 Язык документа 0_
a Язык текста rus
102 Страна публикации __
a Страна публикации RU
200 Заглавие и сведения об ответственности 1_
a Заглавие Сурские боксеры на турнирах
f Первые сведения об ответственности А. Славин
203 Вид содержания и тип средства __
a Вид содержания Текст
b Характеристика содержания визуальный
c Тип средства непосредственный
215 Физическое описание __
c Иллюстрации/тип воспроизводства ил., портр.
330 Аннотация __
a Аннотация В городе Ульяновске прошло первенство по боксу среди юниоров 2004-2007 годов рождения и юношей 2012-2013 годов рождения.
461 Уровень набора _0
1 2000
a Сурская правда
463 Уровень физической единицы _0
1 2000
a № 11 (105214) (13 марта)
v С. 8
1 2101
d 2026
1 001UONB/MAIN/dc038166b46348b1a604dca3edaf6c9e
600 Персоналии _1
a Персоналии (Фамилия) Тихонов
b Персоналии (Имя, инициалы) А.
g Полное имя Андрей
600 Персоналии _1
a Персоналии (Фамилия) Крайнов
b Персоналии (Имя, инициалы) Д.
g Полное имя Денис
600 Персоналии _1
a Персоналии (Фамилия) Мамыкин
b Персоналии (Имя, инициалы) С.
g Полное имя Сергей
607 Географические рубрики __
a Географическое наименование Ульяновск, город (Ульяновская область)
610 Ключевые слова 0_
a Ключевые слова соревнования; боксеры; спортсмены
686 Индексы других классификаций __
2 Код системы rubbk
a Классификационный индекс 75.406.963
700 Автор _1
a Фамилия Славин
b Имя (инициалы) А.
801 Источник записи _0
a Страна RU
b Организация Ульяновская ОНБ
c Дата составления 20260415
g Правила каталогизации RCR
801 Источник записи _1
a Страна RU
b Организация Ульяновская ОНБ
c Дата составления 20260415
g Правила каталогизации RCR
901 Тип документа __
t Тип документа f
w Контрольный № источника UONB/MAIN/dc038166b46348b1a604dca3edaf6c9e
909 Создатель записи __
a Создатель записи Логинова
b Дата создания записи 20260415